[Event "Barcelona Torxa op 4th"]
[Site "Barcelona"]
[Date "2011.09.01"]
[Round "1.1"]
[White "Pita Argemi, Albert"]
[Black "Ferre Honrubias, Victor"]
[Result "1-0"]
[WhiteElo "1955"]
[BlackElo "1806"]
[PlyCount "79"]
[EventDate "2011.09.01"]
[EventType "swiss"]
[EventRounds "7"]
[EventCountry "ESP"]
[SourceTitle "EXT 2024"]
[Source "ChessBase"]
[SourceDate "2023.10.10"]
[SourceVersion "1"]
[SourceVersionDate "2023.10.10"]
[SourceQuality "1"]

1. e4 e6 2. Nc3 d5 3. Nf3 c5 4. exd5 exd5 5. d4 Nc6 6. Bb5 Nf6 7. h3 Be7 8. 0-0 0-0 9. dxc5 Bxc5 10. Bg5 h6 11. Bxf6 gxf6 12. Qxd5 Qb6 13. Bxc6 bxc6 14. Qb3 Qc7 15. Ne4 Be7 16. Qc3 f5 17. Nf6+ Bxf6 18. Qxf6 Kh7 19. Nd4 Rg8 20. Nxf5 Rg6 21. Qe7 Qxe7 22. Nxe7 Rg5 23. Nxc8 Rxc8 24. Rfe1 Rcg8 25. g3 f5 26. Re7+ Kh8 27. Rae1 a5 28. R1e6 Rh5 29. Kh2 Rb8 30. Re8+ Rxe8 31. Rxe8+ Kg7 32. Rc8 f4 33. Rxc6 fxg3+ 34. fxg3 Rd5 35. Kg2 Rd1 36. g4 Ra1 37. a3 Rb1 38. b3 Rd1 39. h4 Rd2+ 40. Kg3 1-0